Social background of Indian nationalism / (Record no. 76167)

MARC details
000 -LEADER
fixed length control field 00845cam a22002771a 4500
001 - CONTROL NUMBER
control field sa 67006800
003 - CONTROL NUMBER IDENTIFIER
control field DLC
005 - DATE AND TIME OF LATEST TRANSACTION
control field 20260227112410.0
008 - FIXED-LENGTH DATA ELEMENTS--GENERAL INFORMATION
fixed length control field 711102s1966 ii b 000 0 eng
010 ## - LIBRARY OF CONGRESS CONTROL NUMBER
LC control number sa 67006800
025 ## - OVERSEAS ACQUISITION NUMBER
Overseas acquisition number PL480: I-E-8772
035 ## - SYSTEM CONTROL NUMBER
System control number (OCoLC)167836
040 ## - CATALOGING SOURCE
Original cataloging agency DLC
Transcribing agency OAU
Modifying agency WU
-- DLC
042 ## - AUTHENTICATION CODE
Authentication code premarc
050 00 - LIBRARY OF CONGRESS CALL NUMBER
Classification number HN686
Item number .D4 1966
100 1# - MAIN ENTRY--PERSONAL NAME
Personal name Desai, Akshayakumar Ramanlal.
245 10 - TITLE STATEMENT
Title Social background of Indian nationalism /
Statement of responsibility, etc. [by] A. R. Desai.
250 ## - EDITION STATEMENT
Edition statement [4th ed]
260 ## - PUBLICATION, DISTRIBUTION, ETC.
Place of publication, distribution, etc. Bombay :
Name of publisher, distributor, etc. Popular Prakashan,
Date of publication, distribution, etc. [1966]
300 ## - PHYSICAL DESCRIPTION
Extent xix, 461 p. ;
Dimensions 23 cm.
500 ## - GENERAL NOTE
General note Based on the author's Ph. D. thesis, Bombay University, 1945.
504 ## - BIBLIOGRAPHY, ETC. NOTE
Bibliography, etc. note Bibliography: p. [443] - 451.
651 #0 - SUBJECT ADDED ENTRY--GEOGRAPHIC NAME
Geographic name India
General subdivision Social conditions.
651 #0 - SUBJECT ADDED ENTRY--GEOGRAPHIC NAME
Geographic name India
General subdivision Economic conditions.
650 #0 - SUBJECT ADDED ENTRY--TOPICAL TERM
Topical term or geographic name entry element Nationalism
Geographic subdivision India.

No items available.

Powered by Koha